000 00537nam a2200157Ia 4500
008 210210b2001 xxu||||| |||| 00| 0 eng d
082 _a001.6402 STUA
100 _aSTUDENT AID publications.
245 _aAll India directory of computer and information technology institutes, courses and jobs.
250 _a
260 _aDelhi
_bStudent Aid Publications
_c2001
300 _axxxii,275
650 _aDirectory, Computer Informations Technology, Institutes Courses, Jobs Careers
690 _aComputer Entranc
906 _a05628
999 _c103898
_d103898